| 000 | 00992nam a2200325 4500 | ||
|---|---|---|---|
| 003 | EG-GICUC | ||
| 005 | 20260121101330.0 | ||
| 008 | 251122s2005 uk ||||fr|||| 001 0 eng d | ||
| 020 | _a042188410X | ||
| 040 |
_aEG-GiCUC _beng _cEG-GiCUC _dEG-GiCUC _erda |
||
| 041 | _aeng | ||
| 082 | 0 | 4 |
_a341.1 _bW A . I |
| 092 | 0 | 4 | _221 |
| 099 | _aLaw1 11 341.1 W A . I 5 ed - 2005 | ||
| 100 | 1 |
_aWallace, Rebecca M. M. _eAuthor. |
|
| 245 | 1 | 0 |
_aInternational law / _cby Rebecca M.M. Wallace. |
| 250 | _a5th ed. | ||
| 264 | 1 |
_aLondon : _bSweet & Maxwell, _c2005. |
|
| 300 |
_a370 pages ; _c24 cm. |
||
| 336 |
_2rda content _atext |
||
| 337 |
_2rda media _aComputer |
||
| 338 |
_2rda carrier _aOnline Resource |
||
| 504 | _aIncludes bibliographical references (p. 309-311) and index. | ||
| 546 | _aText in English | ||
| 650 | 1 |
_aInternational law. _2qrmak |
|
| 651 | 1 | _2qrmak | |
| 856 | 4 | 0 | _uhttps://fll.law.cu.edu.eg/fulltext/bks/B11-05935.pdf |
| 905 | _a75 | ||
| 942 |
_2ddc _n0 _cBK _e21 |
||
| 999 |
_c45260 _d45260 |
||